| 000 | 00756cam a22002174a 4500 | ||
|---|---|---|---|
| 020 | _a9780262025775 | ||
| 040 |
_aDLC _cDLC _dDLC |
||
| 082 | 0 | 0 |
_a612.82011 _222 |
| 245 | 0 | 0 |
_aToward replacement parts for the brain :implantable biomimetic electronics as neural prostheses _c Theodore W. Berger and Dennis L. Glanzman. |
| 260 |
_aCambridge, Mass. : _bMIT Press, _cc2005. |
||
| 300 |
_aix, 405 p. : _bill. ; _c24 cm. |
||
| 504 | _aIncludes bibliographical references and index. | ||
| 650 | 0 | _aNeural circuitry. | |
| 650 | 0 | _aNeural networks (Neurobiology) | |
| 650 | 0 |
_aBrain _xComputer simulation. |
|
| 650 | 0 | _aBiomimetics. | |
| 650 | 0 | _aComputational neuroscience. | |
| 700 | 1 | _aBerger, Theodore W. | |
| 700 | 1 | _aGlanzman, Dennis. | |
| 942 |
_2ddc _cBK |
||
| 999 |
_c11409 _d11409 |
||